02073nam a22005057a 4500003000500000005001700005008004100022010001000063011001000073035001000083040000900093090001000102100003100112245016100143260004000304300002300344502008100367590003700448590004100485590004100526590004100567590004100608590004100649590004100690590004200731650003900773650003400812650003100846650003400877650003800911650003500949650003400984650003301018650003701051650003401088650003301122650003201155901000701187942000901194949004201203949004701245999001701292952013101309952012701440CHAP20220329135453.0971013s1986 r 00010 d a37047 a38019 a42139 cCHAP aTesis00aOrtiz Uribe, Noé.984077 aEvaluación económica de tres especies cultivables en la Comarca Lagunera a diferentes niveles de riego, distancia entre surcos y densidad de población aBermejillo, Dgo. :bEl autor,c1986 a101 h.b; gráfs. aTesis (Ing. Agr. Esp. en Zonas Aridas) -- UACH. Departamento de Zonas Aridas aALEPHb10c20130110lUCH01h1302 aBATCH-UPDb10c20130110lUCH01h0007 aBATCH-UPDb10c20130110lUCH01h1153 aBATCH-UPDb10c20130409lUCH01h1943 aBATCH-UPDb10c20130410lUCH01h0736 aBATCH-UPDb10c20130914lUCH01h0101 aBATCH-UPDb10c20130914lUCH01h1747 aCONVERSIONb10c20130109lUCH01h132114aAlgodónxComarca Lagunera.9398914aAlgodonxEspaciamiento.9400814aAlgodonxIrrigacion.9402814aAlgodónxRendimiento.9405314aGirasolxComarca Lagunera.94813114aGirasolxEspaciamiento.94814514aGirasolxIrrigación.94815814aGirasolxRendimiento.94817114aMaízxComarca Lagunera.97090614aMaízxEspaciamiento.97094614aMaízxIrrigación.97099814aMaízxRendimiento.971051 aBK cFOLL bBCcTESd-96950eTS1h18834i42139si bBCcTESd-96952eTS2fc.2h18835i42139si c37047d37047 00102local4053708TESISaBCbBCcPA_TESISd2019-12-31fFOLLl0oTesisp-96952r2019-12-31 00:00:00tc.2w2019-12-31yTESIS 00102local4051708TESISaBCbBCcPA_TESISd2019-12-31fTESISl0oTesisp-96950r2019-12-31 00:00:00w2019-12-31yTESIS